<?xml version="1.0" encoding="UTF-8"?>
<collection xmlns="http://www.loc.gov/MARC21/slim">
  <record>
    <leader>00000nam  2200000   4500</leader>
    <controlfield tag="001">INLIS000000000018256</controlfield>
    <controlfield tag="005">20240923122138</controlfield>
    <datafield tag="035" ind1="#" ind2="#">
      <subfield code="a">0010-0924000085</subfield>
    </datafield>
    <controlfield tag="007">ta</controlfield>
    <controlfield tag="008">240923###########################0######</controlfield>
    <datafield tag="245" ind1="#" ind2="#">
      <subfield code="a">Warkop Kasih UKM :</subfield>
      <subfield code="b">Warung Kompetensi, Edukasi dan Fasilitasi Usaha Mikro /</subfield>
      <subfield code="c">Libernatia Suinna Melati, S.E</subfield>
    </datafield>
    <datafield tag="260" ind1="#" ind2="#">
      <subfield code="a">Makassar :</subfield>
      <subfield code="b">Puslatbang KMP LAN RI Makassar,</subfield>
      <subfield code="c">2024</subfield>
    </datafield>
    <datafield tag="300" ind1="#" ind2="#">
      <subfield code="a">18 ;</subfield>
      <subfield code="c">30</subfield>
    </datafield>
    <datafield tag="650" ind1="#" ind2="4">
      <subfield code="a">Pengembangan UKM</subfield>
    </datafield>
    <datafield tag="700" ind1=" " ind2="#">
      <subfield code="a">Hardani Yusri, S.E (mentor)</subfield>
    </datafield>
    <datafield tag="700" ind1=" " ind2="#">
      <subfield code="a">Zul Chaidir, S.Sos., M.PA</subfield>
    </datafield>
    <datafield tag="520" ind1="#" ind2="#">
      <subfield code="a">Warkop Kassih UKM akromi dari Warung Kompetensi, Edukasi dan Fasilitasi Usaha Mikro merupakan suatu wadah pembinaan, pendampingan dan fasilitas pelaku UKM di Kabupaten Tanah Tidung. Dalam hal ini akan dibentuk WARKOP UKM untk menjadi pusat pembinaan, pendampingan dan fasilitasi pelaku UKM dalam hal pengembangan kualitas produk, pemasaran fasilitasi akses permodalan melalui kerjasama dengaan lembaga keuangan. Disaming itu, di WARKOP KASIH UKM, juga dapat berbagi pengetahuan dan informasi antar sesama pelaku UKM sehingga terbuka akses pasar yang lebih luas dan jalinan kerjasama yang saling menguntungkan</subfield>
    </datafield>
    <datafield tag="856" ind1="#" ind2="#">
      <subfield code="a">Puslatbang KMP LAN RI Makassar</subfield>
    </datafield>
  </record>
</collection>
